MARC

LEADER 00000nam0a2200000 4500
001 601977
005 20231102022744.0
035 |a (RuTPU)RU\TPU\tpu\27187 
090 |a 601977 
100 |a 20150427d2011 m y0rusy50 ca 
101 0 |a rus 
102 |a RU 
105 |a y z 000zy 
200 1 |a Определение радиационного фона с помощью дозиметра "Грач"  |e учебно-методические указания  |f А. В. Градобоев, К. Н. Орлова, Е. П. Теслева  |g Национальный исследовательский Томский политехнический университет (ТПУ), Юргинский технологический институт (ЮТИ) 
210 |a Юрга  |c Изд-во ЮТИ ТПУ  |d 2011 
215 |a 24 с. 
333 |a В фонде НТБ ТПУ отсутствует 
610 1 |a труды учёных ТПУ 
610 1 |a радиационный мониторинг 
610 1 |a радиационный фон 
610 1 |a определение 
610 1 |a дозиметры 
610 1 |a Грач 
610 1 |a методические указания 
700 1 |a Градобоев  |b А. В.  |c физик  |c профессор Юргинского технологического института (филиала) Томского политехнического университета, доктор технических наук  |f 1952-  |g Александр Васильевич  |2 stltpush  |3 (RuTPU)RU\TPU\pers\24213  |9 10707 
701 1 |a Орлова  |b К. Н.  |c физик  |c доцент Юргинского технологического института (филиала) Томского политехнического университета, кандидат технических наук  |f 1985-  |g Ксения Николаевна  |2 stltpush  |3 (RuTPU)RU\TPU\pers\28212  |9 13166 
701 1 |a Теслева  |b Е. П.  |c физик  |c доцент Юргинского технологического института (филиал) Томского политехнического университета, кандидат физико-математических наук  |f 1976-  |g Елена Павловна  |2 stltpush  |3 (RuTPU)RU\TPU\pers\25111 
712 0 2 |a Национальный исследовательский Томский политехнический университет (ТПУ)  |b Юргинский технологический институт (ЮТИ)  |c (2009- )  |h 349  |2 stltpush  |3 (RuTPU)RU\TPU\col\15903 
801 1 |a RU  |b 63413507  |c 20150427 
801 2 |a RU  |b 63413507  |c 20220114  |g RCR 
942 |c BK